000
00267nam a22000977a 4500
008
240220b |||||||| |||| 00| 0 eng d
082
_a
C
_b
ALEO
100
1
0
_a
Alemagna, Beatrice
_e
autor
_9
43466
245
_a
On a magical do-nothing day /
_c
Beatrice Alemagna
942
_2
ddc
999
_c
30662
_d
17046